Steal a brainrot - Statistiques

Statistiques générales
  • Ce quiz a été pris 136 fois
  • Le résultat moyen est 6 sur 36
Statistiques - réponses
Rareté Argent Brainrot % Correct
Secret $10M Los 25
100%
Secret $22.5M Los 67
100%
Mythic $12.5K Los noobinis
28%
Secret $500K Los Tralaleritos
22%
Secret $24M Los Bros
21%
Secret $15M Los Combinasionas
19%
Secret $20M Los Spooky Combinasionas
19%
Secret $650K Las tralaleritas
18%
Secret $17.5M Las Sis
16%
Secret $70M Los Spaghettis
16%
Brainrot God $220K Los Bombinitos
15%
Brainrot God $55K Los Crocodilitos
13%
Secret $300K Los Matteos
13%
Brainrot God $235K Los Orcalitos
13%
Secret $31M Los Primos
13%
Secret $500K Los Tortus
12%
Brainrot God $210K Los Tungtungtungcitos
10%
Secret $750K Las Vaquitas Saturnitas
9%
Secret $23M Los Candies
9%
Brainrot God $260K Los Tipi Tacos
9%
Secret $7M Los Chicleteiras
7%
Secret $1.2M Los Cucarachas
7%
Brainrot God $275K Los Gattitos
7%
Secret $22M Los Mobilis
7%
Secret $5.5M Los Noo My Hotspotsitos
7%
Secret $30M Los Puggies
7%
Secret $32M Los Tacoritas
7%
Secret $8.5M Los Burritos
6%
Secret $1.5M Los Jobcitos
6%
Secret $750K Los Karkeritos
6%
Secret $4.5M Los Quesadillas
6%
Secret $18.5M Los Planitos
4%
Brainrot God $185K Las Capuchinas
3%
Secret $450K Los Spyderinis
3%
Brainrot God $160K Los Chihuaninis
1%
Secret $20M Los Hotpositos
0%
Aucun quiz correspondant
Distribution des résultats
% des personnes avec chaque résultat
Percentile par nombre de réponses
Votre historique - résultats
Vous n’avez pas pris ce quiz